|
|
|
|
| LEADER |
00000ckm a2200000 a 4500 |
| 001 |
vtls010095607 |
| 003 |
SK-MaSNL |
| 005 |
20260512123313.0 |
| 007 |
kp bo |
| 008 |
200701q1912 xo g kuhun |
| 015 |
|
|
|a SNBG1912
|
| 040 |
|
|
|a SNK
|b slo
|c SNK
|e AACR2
|
| 041 |
0 |
|
|a hun
|
| 043 |
|
|
|a e-xo---
|
| 044 |
|
|
|a xo
|c SK
|
| 072 |
|
7 |
|a 913
|x Regionálna geografia
|2 konspekt
|
| 080 |
|
|
|a 913(437.6)
|2 2011
|
| 080 |
|
|
|a 728.82
|2 2011
|
| 080 |
|
|
|a 712.253
|2 2011
|
| 080 |
|
|
|a 904:72
|2 2011
|
| 080 |
|
|
|a 94(084.121)
|2 2011
|
| 080 |
|
|
|a 904(084.121)
|2 2011
|
| 245 |
0 |
0 |
|a Galánta
|h grafika
|b Gróf Eszterházy kastély
|
| 260 |
|
|
|a Galánta
|b Adamkó Béla
|c [1912?]
|
| 300 |
|
|
|a 1 pohľadnica
|b čiernobiela
|c 9 x 14 cm
|
| 500 |
|
|
|a Názvové údaje prevzaté z obrazovej časti pohľadnice
|
| 520 |
8 |
|
|a Zobrazenie: Pohľad na neogotický kaštieľ rodiny Esterházyovcov v pozadí za parkom. Vľavo v popredí vidno kvetinový záhon na trávnatej ploche, sprava vedie okolo neho chodník. Vpravo v popredí sú listnaté stromy bez lístia. Vľavo v pozadí vidno jeden ihličnatý strom
|
| 610 |
2 |
7 |
|a Neogotický kaštieľ (Galanta, Slovensko)
|2 SNKKA
|9 173111
|
| 650 |
0 |
7 |
|a kaštiele
|2 SNKPH
|9 28599
|
| 650 |
0 |
7 |
|a parky
|2 SNKPH
|9 2942
|
| 650 |
0 |
7 |
|a národné kultúrne pamiatky
|2 SNKPH
|9 31192
|
| 651 |
|
7 |
|a Galanta (Slovensko)
|2 SNKPHgeo
|9 15687
|
| 655 |
|
7 |
|a pohľadnice kultúrnych pamiatok
|2 SNKPH
|9 70523
|
| 655 |
|
7 |
|a historické pohľadnice
|2 SNKPH
|9 159703
|
| 958 |
|
|
|a GBN
|
| 958 |
|
|
|a GC
|
| 958 |
|
|
|a ONDV
|
| 999 |
|
|
|c 747409
|d 749339
|
| 952 |
|
|
|a SNK
|b SNK
|y PREZ
|7 0
|p 17A0656453
|o snkSP 10983
|z Pohľadnica prešla poštou.
|0 0
|1 0
|4 0
|d 2010-05-14
|f 1
|l 0
|r 2026-02-23 23:20:43
|w 2026-02-23
|